Eclesiología

שמור ב:
מידע ביבליוגרפי
מחבר ראשי: Pellitero, Ramiro (Author)
פורמט: ספר
שפה:ספרדית
יצא לאור: Pamplona Universidad de Navarra 2017
מהדורה:1a. ed
סדרה:Manuales ISCR. Instituto Superior de Ciencias Religiosas, 10
נושאים:
תגים: הוספת תג
אין תגיות, היה/י הראשונ/ה לתייג את הרשומה!

MARC

LEADER 00000cam a2200000 a 4500
001 UCC3336
003 CL-VaPUC
008 180427e20170000sp |||||||||||||||||spa|d
020 |a 9788431331825 
082 0 4 |a 262  |b PER  |2 21 
100 0 |a Pellitero, Ramiro  |e author  |9 597346 
245 1 0 |a Eclesiología 
250 |a 1a. ed 
300 |a 225 p 
942 |c BK 
945 |d 20180427 13:12:00  |a arojas 
260 |a Pamplona  |b Universidad de Navarra  |c 2017 
650 0 |a Eclesiología   |9 366152 
650 0 |a Iglesia Católica  |9 256114 
650 0 |a Ecumenismo  |9 255639 
583 |a last modification  |c 20180427 13:12:00  |k Rodrigo Vera 
490 0 |a Manuales ISCR. Instituto Superior de Ciencias Religiosas, 10 
999 |c 371086  |d 371084 
952 |0 0  |1 0  |3 erb  |4 0  |6 262_000000000000000_PER_2017  |7 0  |8 A  |9 487965  |a BIBTEO  |b BIBTEO  |i 5468086  |l 2  |o 262 PER 2017  |p 5468086  |r 2025-01-17  |s 2023-11-08  |w 2019-11-24  |y BK  |z Catalogado en:20180427  |k ICR